| 000 | 01142cam a2200361 a 4500 | ||
|---|---|---|---|
| 001 | 4578 | ||
| 003 | FISKH | ||
| 005 | 20240917112750.0 | ||
| 008 | 980831s1999 nyua b 000 1 eng | ||
| 010 | _a 98043341 | ||
| 020 | _a067988467X (trade) | ||
| 020 | _a9780375808739 | ||
| 040 |
_aDLC _cDLC _dDLC _beng |
||
| 050 | _aPZ7.B81618 | ||
| 082 | _a371 | ||
| 100 | 1 | _aBrown, Marc Tolon. | |
| 245 | 1 | 0 |
_aArthur, clean your room! / _cMarc Brown. |
| 260 |
_aNew York : _bRandom House, _c1999. |
||
| 300 |
_a24 pages : _bcolor illustrations ; _c23 cm |
||
| 440 | 0 | _aStep into reading | |
| 505 | _aM | ||
| 520 | _aHis sister D.W. convinces Arthur to have a garage sale after his mother tells him to get rid of the junk in his room, but things do not work out exactly as he had planned. | ||
| 521 | 8 |
_a530
_bLexile |
|
| 521 | 8 |
_aM
_bRaz-Plus |
|
| 650 | 1 |
_aAardvarks _xFiction. |
|
| 650 | 1 |
_aMammals _xFiction. |
|
| 650 | 1 |
_aOrderliness _xFiction. |
|
| 650 | 1 |
_aGarage sales _xFiction. |
|
| 650 | 1 |
_aSiblings _xFiction. |
|
| 906 |
_a7 _bcbc _corignew _d1 _eocip _f19 _gy-gencatlg |
||
| 942 |
_2ddc _cBK _n0 |
||
| 999 |
_c4578 _d4578 |
||